| 000 | 00561nam a2200133Ia 4500 | ||
|---|---|---|---|
| 008 | 220216s9999 xx 000 0 und d | ||
| 100 |
_aSee Chow Keng _cet al |
||
| 245 | 0 | _aBuilding transcriptome resources to uncover Hevea brasiliensis pathways and proteins | |
| 260 | _bClimate Change, Low Carbon Economy and Sustainable Natural Rubber Industry: Preprints of Proceedings of IRRDB International Rubber Conference 2010, 18-19 October 2010 Sanya, Hainan, China, pp. 541. | ||
| 650 | _aDNA sequencing | ||
| 650 | _aProteins | ||
| 856 | _uAbst only | ||
| 942 | _cJS | ||
| 999 |
_c55012 _d55012 |
||